[Event "FIN-chT1B 1617"]
[Site "Finland"]
[Date "2017.03.11"]
[Round "7.1"]
[White "Iivonen, Markku"]
[Black "Kiili, Markus"]
[Result "0-1"]
[WhiteElo "2045"]
[BlackElo "2224"]
[PlyCount "114"]
[EventDate "2016.09.17"]
[EventType "team-tourn"]
[EventRounds "7"]
[EventCountry "FIN"]
[SourceTitle "EXT 2019"]
[Source "ChessBase"]
[SourceDate "2018.10.10"]
[SourceVersion "1"]
[SourceVersionDate "2018.10.10"]
[SourceQuality "1"]
[WhiteTeam "Tampere Tammer III"]
[BlackTeam "Vantaa Remi"]
[WhiteTeamCountry "FIN"]
[BlackTeamCountry "FIN"]

1. d4 Nf6 2. c4 g6 3. Nc3 Bg7 4. e4 d6 5. h3 0-0 6. Be3 c5 7. dxc5 Qa5 8. Bd3 dxc5 9. e5 Nfd7 10. f4 Rd8 11. Qb1 Nc6 12. Nge2 f6 13. exf6 Nxf6 14. 0-0 Nb4 15. Bc2 Nxc2 16. Qxc2 Bf5 17. Qb3 b6 18. Rfd1 Qa6 19. Ng3 Be6 20. Nb5 Qb7 21. Qc2 a6 22. Na3 Qc7 23. Qf2 Bf5 24. Nxf5 gxf5 25. Qc2 e6 26. Rxd8+ Rxd8 27. Rd1 Ne4 28. Nb1 Rxd1+ 29. Qxd1 Bxb2 30. Qa4 Qd6 31. Qe8+ Kg7 32. Kh2 Bd4 33. Bc1 e5 34. g3 Nf6 35. Qc8 Qd7 36. Qxa6 Qc6 37. Qa7+ Kg6 38. Nd2 exf4 39. Qa3 Be3 40. Nf1 Bxc1 41. Qxc1 fxg3+ 42. Kxg3 Nh5+ 43. Kf2 Qe4 44. Ne3 Qf4+ 45. Ke2 Qh2+ 46. Kd1 Qg1+ 47. Kd2 Qxc1+ 48. Kxc1 Nf4 49. Kd2 Kf6 50. a4 Ke5 51. h4 h5 52. Kc3 Ke4 53. Kd2 Kd4 54. Nxf5+ Kxc4 55. Ke3 Ng6 56. Nd6+ Kb4 57. Nc8 Ka5 0-1

[Event "FIN-chT1B 1617"]
[Site "Finland"]
[Date "2016.12.10"]
[Round "4.1"]
[White "Kiili, Markus"]
[Black "Dokutchaev, Aleksander"]
[Result "0-1"]
[WhiteElo "2224"]
[BlackElo "2407"]
[PlyCount "104"]
[EventDate "2016.09.17"]
[EventType "team-tourn"]
[EventRounds "7"]
[EventCountry "FIN"]
[SourceTitle "EXT 2019"]
[Source "ChessBase"]
[SourceDate "2018.10.10"]
[SourceVersion "1"]
[SourceVersionDate "2018.10.10"]
[SourceQuality "1"]
[WhiteTeam "Vantaa Remi"]
[BlackTeam "Joensuu SK"]
[WhiteTeamCountry "FIN"]
[BlackTeamCountry "FIN"]

1. e4 e5 2. Nf3 Nc6 3. c3 Nf6 4. d4 Nxe4 5. d5 Ne7 6. Nxe5 Ng6 7. Qd4 Qf6 8. Qxe4 Qxe5 9. Qxe5+ Nxe5 10. Nd2 d6 11. Nc4 Be7 12. Nxe5 dxe5 13. Be3 0-0 14. 0-0-0 Bd6 15. Bd3 Bd7 16. c4 b6 17. Rhe1 f5 18. f3 Rae8 19. Bg1 e4 20. fxe4 fxe4 21. Rxe4 Rxe4 22. Bxe4 Bg4 23. Bf3 Bxf3 24. gxf3 Rxf3 25. Kc2 g5 26. Rd3 Rxd3 27. Kxd3 Kf7 28. Ke4 Kg6 29. h3 h5 30. Be3 a5 31. b3 g4 32. hxg4 hxg4 33. Bf4 Kh5 34. Bxd6 cxd6 35. Ke3 Kh4 36. Kf2 Kh3 37. Kg1 Kg3 38. a3 Kf3 39. b4 axb4 40. axb4 Ke4 41. c5 Kxd5 42. cxb6 Kc6 43. b7 Kxb7 44. Kg2 Kb6 45. Kg3 Kb5 46. Kxg4 Kxb4 47. Kf3 Kc4 48. Ke3 d5 49. Kd2 Kd4 50. Kd1 Kd3 51. Ke1 Kc2 52. Ke2 d4 0-1

[Event "FIN-chT1B 1617"]
[Site "Finland"]
[Date "2016.10.09"]
[Round "2.1"]
[White "Holopainen, Timo"]
[Black "Kiili, Markus"]
[Result "1-0"]
[WhiteElo "2168"]
[BlackElo "2224"]
[PlyCount "61"]
[EventDate "2016.09.17"]
[EventType "team-tourn"]
[EventRounds "7"]
[EventCountry "FIN"]
[SourceTitle "EXT 2019"]
[Source "ChessBase"]
[SourceDate "2018.10.10"]
[SourceVersion "1"]
[SourceVersionDate "2018.10.10"]
[SourceQuality "1"]
[WhiteTeam "Helsinki KSK"]
[BlackTeam "Vantaa Remi"]
[WhiteTeamCountry "FIN"]
[BlackTeamCountry "FIN"]

1. e4 c5 2. Nf3 e6 3. d4 cxd4 4. Nxd4 Nc6 5. Nc3 Qc7 6. Be3 a6 7. a3 Nf6 8. g3 h5 9. h3 d6 10. Bg2 Bd7 11. Qe2 Be7 12. Rd1 Ne5 13. Bc1 Rc8 14. f4 Nc4 15. Rd3 b5 16. b3 Nb6 17. Bb2 h4 18. g4 Qc5 19. Kd1 Kf8 20. Rf1 Kg8 21. e5 dxe5 22. fxe5 Nh7 23. Kc1 Be8 24. Ne4 Qxe5 25. Nf5 exf5 26. Bxe5 fxe4 27. Bxe4 Bxa3+ 28. Bb2 Bxb2+ 29. Kxb2 Nd7 30. Bf5 Nhf6 31. Qe7 1-0

[Event "FIN-chT1B 1516"]
[Site "Finland"]
[Date "2016.03.12"]
[Round "8.1"]
[White "Kiili, Markus"]
[Black "Lindstedt, Johan"]
[Result "1/2-1/2"]
[WhiteElo "2215"]
[BlackElo "2240"]
[PlyCount "137"]
[EventDate "2015.09.12"]
[EventType "team-tourn"]
[EventRounds "8"]
[EventCountry "FIN"]
[SourceTitle "EXT 2017"]
[Source "ChessBase"]
[SourceDate "2016.10.25"]
[SourceVersion "1"]
[SourceVersionDate "2016.10.25"]
[SourceQuality "1"]
[WhiteTeam "Vantaa Remi"]
[BlackTeam "Karjaa KarjUra"]
[WhiteTeamCountry "FIN"]
[BlackTeamCountry "FIN"]

1. Nf3 f5 2. d3 Nc6 3. d4 d6 4. Bf4 e6 5. c4 Nf6 6. Nc3 Be7 7. d5 e5 8. dxc6 exf4 9. Nd4 bxc6 10. Nxc6 Qd7 11. Nxe7 Qxe7 12. Qd4 Qe5 13. Qxe5+ dxe5 14. Nb5 Kd8 15. Rd1+ Bd7 16. g3 a6 17. Nc3 fxg3 18. hxg3 Rb8 19. b3 Ke7 20. Bh3 g6 21. e4 Bc6 22. Nd5+ Bxd5 23. exd5 Kd6 24. 0-0 Ne4 25. Rfe1 Nc5 26. f4 e4 27. g4 fxg4 28. Bxg4 h5 29. Be6 Rhf8 30. Rf1 Rf6 31. f5 gxf5 32. Rxf5 Rxf5 33. Bxf5 Rg8+ 34. Kh2 a5 35. Bh3 Rf8 36. Kg1 Nd3 37. Bf1 Ne5 38. Be2 Nf3+ 39. Kf2 Nd4+ 40. Ke3 Nxe2 41. Kxe2 Rg8 42. Rh1 Rg5 43. Rh4 Ke5 44. Ke3 Rg3+ 45. Kf2 Rc3 46. Rxh5+ Kd4 47. d6 Rc2+ 48. Kg3 cxd6 49. Rxa5 Ke3 50. a4 Rc3 51. Rd5 Rxb3 52. Rxd6 Ke2+ 53. Kg2 Rb4 54. a5 Rxc4 55. a6 Ra4 56. Rb6 Ra2 57. Rd6 Ra5 58. Rb6 Ra2 59. Rd6 e3 60. Kg1 Ke1 61. Re6 e2 62. Rd6 Ra4 63. Kg2 Ra5 64. Rb6 Rg5+ 65. Kh2 Ra5 66. Kg2 Kd2 67. Rd6+ Ke1 68. Rb6 Ra2 69. Rd6 1/2-1/2

[Event "FIN-chT1B 1516"]
[Site "Finland"]
[Date "2016.02.06"]
[Round "6.1"]
[White "Nokka, Risto"]
[Black "Kiili, Markus"]
[Result "1/2-1/2"]
[WhiteElo "2255"]
[BlackElo "2215"]
[PlyCount "47"]
[EventDate "2015.09.12"]
[EventType "team-tourn"]
[EventRounds "8"]
[EventCountry "FIN"]
[SourceTitle "EXT 2017"]
[Source "ChessBase"]
[SourceDate "2016.10.25"]
[SourceVersion "1"]
[SourceVersionDate "2016.10.25"]
[SourceQuality "1"]
[WhiteTeam "Mikkeli SK"]
[BlackTeam "Vantaa Remi"]
[WhiteTeamCountry "FIN"]
[BlackTeamCountry "FIN"]

1. e4 c5 2. c3 d5 3. exd5 Qxd5 4. d4 Nf6 5. Nf3 Bg4 6. Be2 e6 7. 0-0 Be7 8. h3 Bh5 9. c4 Qd8 10. Be3 cxd4 11. Nxd4 Bxe2 12. Qxe2 Nbd7 13. Nc3 0-0 14. Rfd1 a6 15. a3 Qc7 16. b4 Nb6 17. Nf5 Bd8 18. Nd6 Be7 19. Bxb6 Qxb6 20. c5 Qc7 21. Nc4 Rac8 22. Rd3 Rfd8 23. Rad1 Rxd3 24. Rxd3 1/2-1/2

[Event "FIN-chT1B 1516"]
[Site "Finland"]
[Date "2015.11.08"]
[Round "4.1"]
[White "Kiili, Markus"]
[Black "Rehn, Ralf"]
[Result "0-1"]
[WhiteElo "2215"]
[BlackElo "2153"]
[PlyCount "86"]
[EventDate "2015.09.12"]
[EventType "team-tourn"]
[EventRounds "8"]
[EventCountry "FIN"]
[SourceTitle "EXT 2017"]
[Source "ChessBase"]
[SourceDate "2016.10.25"]
[SourceVersion "1"]
[SourceVersionDate "2016.10.25"]
[SourceQuality "1"]
[WhiteTeam "Vantaa Remi"]
[BlackTeam "Espoo MatSK II"]
[WhiteTeamCountry "FIN"]
[BlackTeamCountry "FIN"]

1. Nf3 d5 2. g3 g6 3. Bg2 Bg7 4. 0-0 Nf6 5. d3 0-0 6. Nbd2 c5 7. e4 e6 8. Re1 Nc6 9. c3 d4 10. cxd4 cxd4 11. Nc4 Nd7 12. b3 e5 13. Ba3 b5 14. Bxf8 Bxf8 15. Nb2 Ba3 16. Qe2 Nc5 17. Rad1 Bg4 18. Rd2 Nb4 19. h3 Bxf3 20. Bxf3 Rc8 21. Nd1 Qg5 22. Bg2 Ne6 23. Nb2 a6 24. h4 Qe7 25. Bh3 Rc6 26. h5 Kg7 27. Bxe6 Qxe6 28. hxg6 hxg6 29. Kg2 Qf6 30. Qg4 Nc2 31. Rc1 Ne3+ 32. fxe3 Rxc1 33. Rf2 Qxf2+ 34. Kxf2 Rc2+ 35. Kf1 Bxb2 36. exd4 Bxd4 37. a4 Rc3 38. a5 Rxb3 39. Qc8 Rb1+ 40. Ke2 b4 41. Qxa6 b3 42. Qb5 b2 43. a6 Ra1 0-1

[Event "FIN-chT1B 1516"]
[Site "Finland"]
[Date "2015.10.10"]
[Round "3.1"]
[White "Kiili, Markus"]
[Black "Holopainen, Timo"]
[Result "1-0"]
[WhiteElo "2215"]
[BlackElo "2165"]
[PlyCount "65"]
[EventDate "2015.09.12"]
[EventType "team-tourn"]
[EventRounds "8"]
[EventCountry "FIN"]
[SourceTitle "EXT 2017"]
[Source "ChessBase"]
[SourceDate "2016.10.25"]
[SourceVersion "1"]
[SourceVersionDate "2016.10.25"]
[SourceQuality "1"]
[WhiteTeam "Vantaa Remi"]
[BlackTeam "Helsinki KSK"]
[WhiteTeamCountry "FIN"]
[BlackTeamCountry "FIN"]

1. e4 e5 2. Nf3 Nc6 3. c3 Nf6 4. d4 Nxe4 5. d5 Nb8 6. Nxe5 Be7 7. Qg4 Ng5 8. h4 d6 9. Qa4+ c6 10. Nd3 Bf5 11. hxg5 0-0 12. Qf4 Bg6 13. Be3 Re8 14. Kd1 cxd5 15. Nd2 Nc6 16. Nf3 f6 17. gxf6 Bxf6 18. Rc1 Re4 19. Qg3 Qd7 20. Nf4 Be5 21. Nxe5 Nxe5 22. Nxg6 hxg6 23. Qh3 Qa4+ 24. b3 Qxa2 25. Qe6+ Nf7 26. Qxd5 Re7 27. Bc4 Rb8 28. Qd2 Qa5 29. Rh4 b5 30. Bd5 Qc7 31. Ke2 Rbe8 32. Rch1 Kf8 33. Rh8+ 1-0

[Event "FIN-chT1A 1415"]
[Site "Finland"]
[Date "2014.11.15"]
[Round "3.1"]
[White "Kiili, Markus"]
[Black "Byggmastar, Lars"]
[Result "0-1"]
[WhiteElo "2226"]
[BlackElo "2171"]
[PlyCount "60"]
[EventDate "2014.09.27"]
[EventType "team-tourn"]
[EventRounds "7"]
[EventCountry "FIN"]
[SourceTitle "EXT 2017"]
[Source "ChessBase"]
[SourceDate "2016.10.25"]
[SourceVersion "1"]
[SourceVersionDate "2016.10.25"]
[SourceQuality "1"]
[WhiteTeam "Vantaa Remi"]
[BlackTeam "Turku TuTS II"]
[WhiteTeamCountry "FIN"]
[BlackTeamCountry "FIN"]

1. Nf3 Nf6 2. g3 g6 3. Bg2 Bg7 4. 0-0 0-0 5. d3 d5 6. Nbd2 Re8 7. e4 e5 8. Re1 Nc6 9. c3 h6 10. h3 Be6 11. Kh2 dxe4 12. dxe4 Qd6 13. Qe2 Rad8 14. Bf1 Nh5 15. Nc4 Qe7 16. Nfd2 f6 17. Ne3 Qf7 18. Qb5 f5 19. Bc4 f4 20. Bxe6 Rxe6 21. Ng4 Red6 22. Nf1 Kh7 23. Qe2 Rd3 24. a4 a5 25. Rb1 Bf8 26. b3 Bc5 27. Rb2 Rxc3 28. Rd2 Rxd2 29. Qxd2 Rxb3 30. Bb2 Bxf2 0-1

[Event "FIN-chT1 West 1314"]
[Site "Finland"]
[Date "2014.01.11"]
[Round "5.1"]
[White "Kiili, Markus"]
[Black "Paasikangas Tella, Johanna"]
[Result "0-1"]
[WhiteElo "2225"]
[BlackElo "2219"]
[PlyCount "76"]
[EventDate "2013.09.21"]
[EventType "team-tourn"]
[EventRounds "9"]
[EventCountry "FIN"]
[SourceTitle "EXT 2022"]
[Source "ChessBase"]
[SourceDate "2021.10.06"]
[SourceVersion "1"]
[SourceVersionDate "2021.10.06"]
[SourceQuality "1"]
[WhiteTeam "Vantaa Remi"]
[BlackTeam "Vantaa EtVaS II"]
[WhiteTeamCountry "FIN"]
[BlackTeamCountry "FIN"]

1. e4 c5 2. Nf3 d6 3. Bb5+ Nd7 4. 0-0 a6 5. Be2 e5 6. c3 Ngf6 7. d3 Be7 8. a4 0-0 9. Na3 b5 10. Bg5 Rb8 11. axb5 axb5 12. Nd2 h6 13. Bh4 d5 14. Bg3 b4 15. Nc2 Bb7 16. cxb4 dxe4 17. b5 exd3 18. Bxd3 e4 19. Be2 Ra8 20. Nc4 Nd5 21. f3 N7f6 22. Qd2 Rxa1 23. Rxa1 Re8 24. Ra7 Qc8 25. Be5 Rd8 26. Qe1 Nb4 27. N2e3 exf3 28. Bxf3 Bxf3 29. Rxe7 Nd3 30. Qg3 Nxe5 31. Nxe5 Bh5 32. Nc6 Rd2 33. h3 Rxb2 34. Re5 Kh7 35. Ne7 Qd8 36. Qf4 Rxb5 37. Rxh5 Qxe7 38. Nf5 Nxh5 0-1

[Event "FIN-chT1 West 1314"]
[Site "Finland"]
[Date "2013.11.03"]
[Round "4.1"]
[White "Jarvela, Jari"]
[Black "Kiili, Markus"]
[Result "1/2-1/2"]
[WhiteElo "2161"]
[BlackElo "2225"]
[PlyCount "59"]
[EventDate "2013.09.21"]
[EventType "team-tourn"]
[EventRounds "9"]
[EventCountry "FIN"]
[SourceTitle "EXT 2022"]
[Source "ChessBase"]
[SourceDate "2021.10.06"]
[SourceVersion "1"]
[SourceVersionDate "2021.10.06"]
[SourceQuality "1"]
[WhiteTeam "Turku SY"]
[BlackTeam "Vantaa Remi"]
[WhiteTeamCountry "FIN"]
[BlackTeamCountry "FIN"]

1. e4 c5 2. c4 Nc6 3. Nc3 e6 4. g3 Nf6 5. Bg2 d5 6. exd5 exd5 7. Nxd5 Nxd5 8. Bxd5 Nb4 9. Be4 Be7 10. Qa4+ Bd7 11. Qb3 0-0 12. a3 Nc6 13. Ne2 Bf6 14. d3 Qe8 15. 0-0 Na5 16. Qd1 Ba4 17. Qe1 Nb3 18. Rb1 Nxc1 19. Qxc1 Qd7 20. b4 cxb4 21. axb4 Bc6 22. Bxc6 bxc6 23. Qc2 a5 24. bxa5 Rxa5 25. Nf4 Rf5 26. Qd1 g6 27. Kg2 h5 28. Rc1 Be5 29. Ne2 Rd8 30. d4 1/2-1/2

[Event "FIN Team Cup"]
[Site "Finland"]
[Date "2013.04.27"]
[Round "2.1"]
[White "Kiili, Markus"]
[Black "Kauppala, Pekka"]
[Result "1/2-1/2"]
[WhiteElo "2225"]
[BlackElo "2114"]
[PlyCount "50"]
[EventDate "2013.04.06"]
[EventType "team-k.o."]
[EventRounds "6"]
[EventCountry "FIN"]
[SourceTitle "EXT 2022"]
[Source "ChessBase"]
[SourceDate "2021.10.06"]
[SourceVersion "1"]
[SourceVersionDate "2021.10.06"]
[SourceQuality "1"]
[WhiteTeam "Vantaa Remi"]
[BlackTeam "Helsinki LauttSK"]
[WhiteTeamCountry "FIN"]
[BlackTeamCountry "FIN"]

1. e4 d5 2. exd5 Qxd5 3. Nc3 Qa5 4. d4 Bf5 5. Nf3 Nd7 6. Bc4 e6 7. Qe2 Bb4 8. Bd2 0-0-0 9. a3 Ngf6 10. 0-0 Bxc3 11. Bxc3 Qa4 12. Rac1 Qc6 13. Bb5 Qd6 14. Bb4 Qf4 15. Bd2 Qe4 16. Ng5 Qxe2 17. Bxe2 Bg6 18. Rfd1 Nb6 19. Nf3 Bh5 20. Ba5 Rd5 21. Bxb6 axb6 22. h3 Rhd8 23. c3 Ne4 24. g4 Bg6 25. Ne5 R5d6 1/2-1/2